| 000 | 00000nam 2200000zi 4500 |
| 001 | 9.937492 |
| 003 | CaOODSP |
| 005 | 20241015150217 |
| 006 | m o d f |
| 007 | cr cn||||||||| |
| 008 | 240426e202406 oncdab ob f000 0 eng d |
| 020 | |a9780660716183 |
| 040 | |aCaOODSP|beng|erda|cCaOODSP |
| 043 | |an-cn--- |
| 086 | 1 |aFs70-6/2024-033E-PDF |
| 245 | 00|aScience advice to support the rebuilding plan for Atlantic cod (Gadus morhua) in the southern Gulf of St. Lawrence, NAFO division 4T-4Vn (November-April). |
| 264 | 1|aOttawa : |bCanadian Science Advisory Secretariat, |cJune 2024. |
| 264 | 4|c©2024 |
| 300 | |a1 online resource (14 pages) : |bcharts, illustrations, maps. |
| 336 | |atext|btxt|2rdacontent |
| 337 | |acomputer|bc|2rdamedia |
| 338 | |aonline resource|bcr|2rdacarrier |
| 490 | 1 |aScience advisory report, |x1919-5087 ; |v2024/033 |
| 500 | |aCaption title. |
| 500 | |aIssued also in French under title: Avis scientifique en appui au plan de rétablissement de la morue franche (Gadus morhua) dans le sud du golfe du Saint-Laurent, division 4T et sous-division 4Vn de l'OPANO (de novembre à avril). |
| 504 | |aIncludes bibliographical references (page 14). |
| 650 | 0|aAtlantic cod|zSaint Lawrence, Gulf of. |
| 650 | 0|aAtlantic cod fisheries|zSaint Lawrence, Gulf of. |
| 650 | 0|aFish stock assessment|zSaint Lawrence, Gulf of. |
| 710 | 2 |aCanadian Science Advisory Secretariat, |eissuing body. |
| 710 | 1 |aCanada. |bDepartment of Fisheries and Oceans. |bGulf Region, |eissuing body. |
| 775 | 08|tAvis scientifique en appui au plan de rétablissement de la morue franche (Gadus morhua) dans le sud du golfe du Saint-Laurent, division 4T et sous-division 4Vn de l'OPANO (de novembre à avril). |w(CaOODSP)9.937494 |
| 830 | #0|aScience advisory report (Canadian Science Advisory Secretariat)|x1919-5087 ; |v2024/033.|w(CaOODSP)9.506226 |
| 856 | 40|qPDF|s1,009 KB|uhttps://publications.gc.ca/collections/collection_2024/mpo-dfo/fs70-6/Fs70-6-2024-033-eng.pdf |